Snowflake Bentley / (Record no. 6352)

MARC details
000 -LEADER
fixed length control field 01333pam a2200349 a 4500
001 - CONTROL NUMBER
control field 6352
003 - CONTROL NUMBER IDENTIFIER
control field FISKH
005 - DATE AND TIME OF LATEST TRANSACTION
control field 20250821132806.0
008 - FIXED-LENGTH DATA ELEMENTS--GENERAL INFORMATION
fixed length control field 100614r19981998maua j 000 0beng
010 ## - LIBRARY OF CONGRESS CONTROL NUMBER
LC control number 2010287529
020 ## - INTERNATIONAL STANDARD BOOK NUMBER
International Standard Book Number 9780547248295
040 ## - CATALOGING SOURCE
Original cataloging agency DLC
Transcribing agency DLC
Modifying agency DLC
Language of cataloging eng
050 ## - LIBRARY OF CONGRESS CALL NUMBER
Classification number QC858.B46 M37
082 ## - DEWEY DECIMAL CLASSIFICATION NUMBER
Classification number 551.57841092
100 1# - MAIN ENTRY--PERSONAL NAME
Personal name Martin, Jacqueline Briggs.
245 10 - TITLE STATEMENT
Title Snowflake Bentley /
Statement of responsibility, etc. Jacqueline Briggs Martin ; illustrated by Mary Azarian.
260 ## - PUBLICATION, DISTRIBUTION, ETC.
Place of publication, distribution, etc. Boston :
Name of publisher, distributor, etc. Houghton Mifflin,
Date of publication, distribution, etc. 1998.
300 ## - PHYSICAL DESCRIPTION
Extent 32 unnumbered pages :
Other physical details color illustrations ;
Dimensions 26 cm
520 ## - SUMMARY, ETC.
Summary, etc. A biography of a self-taught scientist who photographed thousands of individual snowflakes in order to study their unique formations.
600 10 - SUBJECT ADDED ENTRY--PERSONAL NAME
Personal name Bentley, W. A.
Fuller form of name (Wilson Alwyn),
Dates associated with a name 1865-1931
Form subdivision Juvenile literature.
600 11 - SUBJECT ADDED ENTRY--PERSONAL NAME
Personal name Bentley, W. A.
Fuller form of name (Wilson Alwyn),
Dates associated with a name 1865-1931.
650 #0 - SUBJECT ADDED ENTRY--TOPICAL TERM
Topical term or geographic name entry element Snowflakes
Form subdivision Juvenile literature.
650 #0 - SUBJECT ADDED ENTRY--TOPICAL TERM
Topical term or geographic name entry element Nature photography
Form subdivision Juvenile literature.
650 #0 - SUBJECT ADDED ENTRY--TOPICAL TERM
Topical term or geographic name entry element Meteorologists
Geographic subdivision United States
General subdivision Biography
Form subdivision Juvenile literature.
650 #0 - SUBJECT ADDED ENTRY--TOPICAL TERM
Topical term or geographic name entry element Photographers
Geographic subdivision United States
General subdivision Biography
Form subdivision Juvenile literature.
650 #1 - SUBJECT ADDED ENTRY--TOPICAL TERM
Topical term or geographic name entry element Scientists.
650 #1 - SUBJECT ADDED ENTRY--TOPICAL TERM
Topical term or geographic name entry element Snow.
700 1# - ADDED ENTRY--PERSONAL NAME
Personal name Azarian, Mary,
Relator term illustrator
906 ## - LOCAL DATA ELEMENT F, LDF (RLIN)
a 7
b cbc
c origcop
d 2
e ocip
f 20
g y-gencatlg
942 ## - ADDED ENTRY ELEMENTS (KOHA)
Source of classification or shelving scheme Dewey Decimal Classification
Koha item type Books
Suppress in OPAC No
Holdings
Withdrawn status Lost status Source of classification or shelving scheme Damaged status Not for loan Collection Home library Current library Shelving location Date acquired Total Checkouts Full call number Barcode Date last seen Copy number Price effective from Koha item type
    Dewey Decimal Classification     Fiction Footprints International School Library Network Toul Kork Campus Footprints International School Library Network Toul Kork Campus A TK Campus, 4th Floor, Room B401, Fiction Bookcases (1-6) 04/23/2025   MAR 551.57841092 QC858.B46 M37 FISTK02060 04/23/2025 1 04/23/2025 Books
    Dewey Decimal Classification     Fiction Footprints International School Library Network Toul Tom Poung Campus Footprints International School Library Network Toul Tom Poung Campus TTP Secondary Fiction Bookshelves 08/01/2025   MAR 551.57841092 QC858.B46 M37 FIS03688 08/01/2025 2 08/01/2025 Books
    Dewey Decimal Classification     Fiction Footprints International School Library Network Toul Tom Poung Campus Footprints International School Library Network Toul Tom Poung Campus TTP Secondary Fiction Bookshelves 08/21/2025   MAR 551.57841092 QC858.B46 M37 FISTK01835 08/21/2025 3 08/21/2025 Books
    Dewey Decimal Classification     Fiction Footprints International School Library Network Toul Tom Poung Campus Footprints International School Library Network Toul Tom Poung Campus TTP Secondary Fiction Bookshelves 09/09/2025   MAR 551.57841092 QC858.B46 M37 FISTK01834 09/09/2025 4 09/09/2025 Books